| 000 | 00499nam a22001697a 4500 | ||
|---|---|---|---|
| 005 | 20251108163348.0 | ||
| 008 | 250721s1985 xx 000 0 ara d | ||
| 082 | 1 | 4 | _a001.64/بكر |
| 100 | 1 | _aبكري، سعد علي الحاج | |
| 245 | 1 | 0 | _aالحاسب بين يديك / |
| 264 | 1 |
_aنيويورك : _bدار جون وايلي وابنائه، _c1985. |
|
| 300 | _a117ص. | ||
| 650 | 1 | 7 | _aالحواسيب |
| 700 | 1 | _aبكري، فهد علي الحاج | |
| 942 |
_2ddc _cBK |
||
| 999 |
_c745 _d745 |
||